00515nam a2200205Ia 4500008004100000020001800041050001400059100001700073245003300090245005100123260001500174260001600189260000900205300001600214300002700230300001000257440002700267440000700294500000800301170918s9999 xx 000 0 und d a9780439902540 bA134 2008 aAbbott, Tony aFlight of the blue serpent / cTony Abbott ; illustrated by Royce Fitzgerald. aNew York : bScholastic, c2008 a119 pages : bcolored illustration ; c19cm. aThe secrets of droon ; v33 a630